The Doctrine of The Sufis / (Record no. 185476)

000 -LEADER
fixed length control field 00573 a2200169 4500
003 - CONTROL NUMBER IDENTIFIER
control field NUST
005 - DATE AND TIME OF LATEST TRANSACTION
control field 20221208175328.0
040 ## - CATALOGING SOURCE
Transcribing agency Nust
082 ## - DEWEY DECIMAL CLASSIFICATION NUMBER
Classification number 297.4,ARB
100 ## - MAIN ENTRY--PERSONAL NAME
Personal name Arberry .A.J
9 (RLIN) 25115
245 ## - TITLE STATEMENT
Title The Doctrine of The Sufis /
Statement of responsibility, etc. A..j Arberry
260 ## - PUBLICATION, DISTRIBUTION, ETC.
Place of publication, distribution, etc. Pakistan
Name of publisher, distributor, etc. National Book Foundation
300 ## - PHYSICAL DESCRIPTION
Extent 173:p.;
505 ## - FORMATTED CONTENTS NOTE
Formatted contents note Introduction (Page-1), Prooemium (Page-3), History And Life Of Sufis Toward Their Doctrine (Page- 5), Names Of Place And Persons (Page-169), Technical Terms (Page-173).
650 ## - SUBJECT ADDED ENTRY--TOPICAL TERM
Topical term or geographic name entry element The Sufis
9 (RLIN) 104500
942 ## - ADDED ENTRY ELEMENTS (KOHA)
Source of classification or shelving scheme
Koha item type Book
Call number prefix 297.4,ARB
Holdings
Withdrawn status Lost status Source of classification or shelving scheme Damaged status Not for loan Permanent Location Current Location Shelving location Date acquired Full call number Barcode Date last seen Price effective from Koha item type Public note
          Military College of Signals (MCS) Military College of Signals (MCS) General Stacks 12/12/2016 297.4,ARB MCS21868 12/08/2016 12/12/2016 Book Almirah No.47, Shelf No.4
© 2023 Central Library, National University of Sciences and Technology. All Rights Reserved.